كتاب المرشد الطبي الحديث : (Record no. 15781)
[ view plain ]
| 000 -الفاتح | |
|---|---|
| حقل البيانات ثابتة الطول | 00663nam a22001577a 4500 |
| 008 - عناصر البيانات ثابتة الطول - معلومات عامة | |
| حقل البيانات ثابتة الطول | 110803t xxu||||| |||| 00| 0 ara d |
| 082 ## - رقم تصنيف ديوى العشرى | |
| رقم الطبعة | 22 |
| رقم التصنيف | 612 |
| رقم المادة | ط ب ي |
| 245 ## - بيان العنوان | |
| العنوان | كتاب المرشد الطبي الحديث : |
| بقية العنوان | دليل صحي عملي |
| 260 ## - PUBLICATION, DISTRIBUTION, ETC. (IMPRINT) | |
| مكان الناشر او الموزع | بيروت : |
| اسم الناشر او الموزع | مطبعة الشرق الأوسط ، 1951 |
| تاريخ النشر أو التوزيع | 1951 |
| 300 ## - الوصف المادى | |
| التعداد | 428 ص : |
| تفاصيل ماديه اخرى للوعاء | أيض، لو ؛ |
| أبعاد الوعاء | 22 سم |
| 500 ## - تبصرة عامة | |
| تبصرة عامة | يشتمل على كشاف |
| 650 ## - المدخل الاضافى بالموضوع-مصطلح موضوعى | |
| 9 (RLIN) | 21685 |
| مصطلح موضوعي أو اسم جغرافي كعنصر مدخل | جسم الإنسان |
| 650 ## - المدخل الاضافى بالموضوع-مصطلح موضوعى | |
| 9 (RLIN) | 26545 |
| مصطلح موضوعي أو اسم جغرافي كعنصر مدخل | الأعضاء والأنسجة |
| 942 ## - عناصر المدخل الإضافي( كوها) | |
| مصدر التصنيف او مخطط الترفيف | Dewey Decimal Classification |
| Koha [default] item type | Book - Borrowing |
| حالة التراجع | حالة الفقد | مصدر التصنيف او خطة الترفيف | حالة تلف | ليس للاعارة | مجموعات كوها | المكان الدائم | المكان الحالي | موقع الترفيف | تاريخ الاكتساب | Source of acquisition | رقم الاستدعاء | الباركود | Date last seen | نوع الوعاء |
|---|---|---|---|---|---|---|---|---|---|---|---|---|---|---|
| Dewey Decimal Classification | Alef-Baa | Central Library | Central Library | First floor | 03/08/2011 | 612 ط ب ي | 000024524 | 15/07/2025 | Book - Borrowing |